LEADER 00972nam a2200229 i 4500 001 000000133944 003 CaOOAMICUS 005 20050119000000.0 008 050119s1952 it u000 u ita u 013 $a106965 040 $aSeMil$bita 245 10$aPoeti minori del trecento /$cA cura di Natalino Sapegno. 260 $aMilano ; Napoli :$bRicciardi,$c1952. 300 $aXVII, 1179 p. ;$c23 cm. 490 0 $aLa letteratura italiana : storia e testi ;$v10 650 4$aLetteratura italiana - Sec. 14.$0(OLS)http://semarc/subject/6319 700 1 $aSapegno, Natalino,$d<1901-1990>.$0(OLS)http://semarc/name/1389 830 3$aLa letteratura italiana : storia e testi ;$v10.$0(OLS)http://semarc/title/220 850 $aSeMil 852 $aSeMil$W1$xVenegono$y1$m1E I 160$j87731$B87731$CSeMilBibl$Z2$F91730 $81 996 $6245$aPoeti minori del trecento$9(OLS)http://semarc/title/195980 996 $6260$aMilano ; Napoli :$bRicciardi$9(OLS)http://semarc/publisher/29956 LEADER 01332nam a2200241 i 4500 001 000000025395 003 CaOOAMICUS 005 20180830125446.0 008 180830s1926 it u000 u ita u 040 $aSeMil$bita 100 1 $aPais, Ettore <1856-1939>.$0(OLS)http://semarc/name/89659 245 10$aStoria di Roma :$bdalle origini all'inizio delle guerre puniche /$cnarrata da Ettore Pais. 260 $aRoma :$bOptima,$c1926-1928. 300 $a5 v. ;$c26 cm. 650 4$aRoma - Storia.$0(OLS)http://semarc/subject/1163 773 0 $tBiblioteca di filosofia e scienze.$dRoma : Optima, 1928[?]$w()18557 774 0 $tFonti. L'età mitica.$kBiblioteca di filosofia e scienze$g1$w()205743 774 0 $tDalla resa di Napoli all'intervento di Pirro. Roma alla testa della Confederazione Italica.$kBiblioteca di filosofia e scienze$g5$w()205744 774 0 $tEtà regia.$kBiblioteca di filosofia e scienze$g2$w()205745 774 0 $tDalla cacciata dei re all'invasione gallica.$kBiblioteca di filosofia e scienze$g3$w()205746 774 0 $tDall'invasione di galli all'intervento dei romani nella Campania.$kBiblioteca di filosofia e scienze$g4$w()205747 996 $6245$aStoria di Roma :$bdalle origini all'inizio delle guerre puniche$9(OLS)http://semarc/title/34209 996 $6260$aRoma :$bOptima$9(OLS)http://semarc/publisher/33314